000 00534nam a2200205Ia 4500
003 OSt
005 20220926035559.0
006 a|||||r|||| 00| 0
007 ta
008 220923b |||||||| |||| 00| 0 eng d
037 _cGeneral Book
040 _aRTL
_cRTL
_beng
041 _2eng
_aeng
082 _aX.58.N59s, J8
245 0 _aCONTROL FIGURES FOR economic development of the US
260 _c1958
650 _aEconomic Condition Russia
942 _hX.58.N59s, J8
_cGB
_2CC
999 _c662595
_d662595